Vishayadaritha kannada bhasha bodhana shastra (Record no. 240197)

MARC details
000 -LEADER
fixed length control field 00579nam a2200169Ia 4500
003 - CONTROL NUMBER IDENTIFIER
control field OSt
005 - DATE AND TIME OF LATEST TRANSACTION
control field 20250806100854.0
008 - FIXED-LENGTH DATA ELEMENTS--GENERAL INFORMATION
fixed length control field 250729s2022 xx 000 0 und d
040 ## - CATALOGING SOURCE
Transcribing agency AL
041 ## - LANGUAGE CODE
Language code of text/sound track or separate title Kannada
082 ## - DEWEY DECIMAL CLASSIFICATION NUMBER
Classification number 372.25 RAJV
100 ## - MAIN ENTRY--PERSONAL NAME
Personal name Rajesh E Beller
9 (RLIN) 233270
Dates associated with a name ರಾಜೇಶ್ ಇ ಬೆಲ್ಲರ್
245 ## - TITLE STATEMENT
Title Vishayadaritha kannada bhasha bodhana shastra
Remainder of title ವಿಷಯಾಧಾರಿತ ಕನ್ನಡ ಭಾಷಾ ಬೋಧನಾ ಶಾಸ್ತ್ರ
260 ## - PUBLICATION, DISTRIBUTION, ETC.
Place of publication, distribution, etc. Mysore
Name of publisher, distributor, etc. Vismaya Prakashana
Date of publication, distribution, etc. 2022
650 ## - SUBJECT ADDED ENTRY--TOPICAL TERM
Topical term or geographic name entry element Kannada
9 (RLIN) 233271
942 ## - ADDED ENTRY ELEMENTS (KOHA)
Source of classification or shelving scheme Dewey Decimal Classification
Koha item type Book
Holdings
Withdrawn status Lost status Damaged status Not for loan Home library Current library Date acquired Source of acquisition Total Checkouts Full call number Barcode Date last seen Price effective from Koha item type
        St Aloysius Library St Aloysius Library 07/29/2025 Management Book   372.25 RAJV BED05515 07/29/2025 07/29/2025 Book
        St Aloysius Library St Aloysius Library 07/29/2025 Management Book   372.25 RAJV BED05516 07/29/2025 07/29/2025 Book